| 000 | 00646nam a2200193 a 4500 | ||
|---|---|---|---|
| 001 | 000012581 | ||
| 005 | 20240412074233.0 | ||
| 008 | 091113s1995 dr 000 f spa d | ||
| 040 |
_aDO-SdBNP _bspa _cBNPHU |
||
| 082 |
_aRD863.44 _bP438o |
||
| 100 | 1 |
_aPérez de León, Rafael Tulio, _d1940- _929286 |
|
| 245 | 1 | 4 |
_aLos olvidados : _b(La guerrilla del 63) / _cRafael Tulio Pérez de León. |
| 260 |
_aSanto Domingo : _bCorripio, _c1995. |
||
| 300 |
_a342 p. ; _c23 cm. |
||
| 590 | _aInventariado, 2020/MAA | ||
| 650 | 0 |
_aNovela histórica dominicana. _9860 |
|
| 650 | 0 |
_aLiteratura dominicana. _967 |
|
| 910 | _aValidado. Control de calidad MMOLINA | ||
| 999 |
_c12236 _d12236 |
||